Star Wars Quiz (leicht) - Statistiken

Allgemein
  • Dieses Quiz wurde 951 mal gespielt
  • Das Durchschnittsergebnis liegt bei 9 aus 20
Antwortstatistiken
Frage Antwort % Korrekt
Wie viele Todessterne gab es? 2
94%
Wer hat Imperator Palpatine umgebracht? Darth Vader
81%
Wie heißen die Kinder von Anakin und Padme? Luke und Leia
72%
Welcher Kopfgeldjäger fliegt die Slave 1? Boba Fett
69%
In welchem Film lernen sich Chewbacca und Han Solo kennen? Solo
69%
Wie heißt der Captain der 501. Klonlegion? Captain Rex
67%
Auf welchem Planeten wurde Anakin geboren? Tatooine
65%
Welche Figur verehrt Kylo Ren? Darth Vader
55%
Auf welchem Planeten kämpfen Anakin und Obi Wan? Mustafar
54%
Wer sollte Anakin eigentlich ausbilden? Qui Gon Jinn
50%
Auf welchem Planeten befindet sich der Galaktische Senat? Coruscant
43%
Wie heißt Episode 4? Eine neue Hoffnung
29%
Welchen Namen hat der Cyborg aus Episode 3? General Grievous
24%
In welcher Serie gibt es die Schlacht von Scarif? Rogue One
22%
Was ist die Heimatwelt der Klone? Kamino
21%
Welcher bekannte Klon stirbt in der Zitadelle in The Clone Wars? Echo
18%
Wie heißt Darth Vaders Flaggschiff in den Filmen? Executor
18%
Wie heißt der erste Offizier von Kylo Ren? General Hux
18%
Wie heißen die meistgenutzten Schiffe der Klone? Venator
9%
Wie heißt das Flaggschiff der Seperatisten bei der Schlacht von Coruscant? Unsichtbare Hand
4%
Keine übereinstimmenden Quizze gefunden
Verteilung der Resultate
Anzahl Personen mit jedem Resultat
Perzentil nach korrekt beantworteten Fragen
Ihre Resultats-Entwicklung
Sie haben dieses Quiz noch nicht gespielt